000 00294nam a22001337a 4500
008 181015b xxu||||| |||| 00| 0 eng d
020 _a044308114
041 _aeng
080 _a616
100 _a6
101 _aANE
245 _aManual of Cardiac Anesthesia
_cThomas, S.J
942 _2udc
_cBK
999 _c49721
_d49721